| 000 | 00836nam a22002417a 4500 | ||
|---|---|---|---|
| 999 |
_c331231 _d331231 |
||
| 001 | 45126 | ||
| 003 | UA-OsUOA | ||
| 005 | 20200126142951.0 | ||
| 007 | ta | ||
| 008 | 20070327b un ||||| |||| 00| 0 ukr d | ||
| 020 | _a966-613-423-3 | ||
| 040 |
_aUA-OsUOA _bukr _cUA-OsUOA _dUA-OsUOA |
||
| 041 | _aukr | ||
| 080 | _a331.101.262: 330 | ||
| 090 |
_a331.101.262: 330 _bС 79 |
||
| 100 | _aСтефанишин О. | ||
| 245 |
_aЛюдський потенціал економіки України _bмонографія |
||
| 260 |
_aЛьвів _bВидавничий центр ЛНУ імені Івана Франка _c2006 |
||
| 300 | _a315 с. | ||
| 650 | 7 |
_a331 Праця. Працевлаштування. Робота. Економіка праці. Організація праці _2UDC |
|
| 942 |
_cBK _2udc |
||
| 955 | _a1 | ||